| 000 | 00000nam 2200000zi 4500 |
| 001 | 9.940899 |
| 003 | CaOODSP |
| 005 | 20240723135657 |
| 006 | m o d f |
| 007 | cr |n||||||||| |
| 008 | 240723s202104##onc o f|0| 0 fre d |
| 040 | |aCaOODSP|bfre|erda|cCaOODSP |
| 043 | |an-cn--- |
| 086 | 1 |aIN4-45/2021F-PDF |
| 245 | 00|aAudit du remboursement des dépenses des employés et de la gestion des cartes d’achat : |brapport d’audit interne : mission d’assurance. |
| 264 | 1|a[Ottawa] : |bOffice of the Superintendant of Financial Institutions Canada = Bureau du surintendant des institutions financières Canada, |cavril 2021. |
| 300 | |a1 ressource en ligne (10 pages) |
| 336 | |atexte|btxt|2rdacontent/fre |
| 337 | |ainformatique|bc|2rdamedia/fre |
| 338 | |aressource en ligne|bcr|2rdacarrier/fre |
| 500 | |aPublié aussi en anglais sous le titre : Audit of employee expense reimbursement and acquisition card management: internal audit report: assurance engagement. |
| 610 | 26|aBureau du surintendant des institutions financières Canada|xAudit. |
| 650 | 6|aDépenses publiques|xAudit. |
| 710 | 2 |aBureau du surintendant des institutions financières Canada, |eorganisme de publication. |
| 775 | 08|tAudit of employee expense reimbursement and acquisition card management : |w(CaOODSP)9.940452 |
| 856 | 40|qPDF|s890 Ko|uhttps://publications.gc.ca/collections/collection_2024/bsif-osfi/IN4-45-2021-fra.pdf |